|
|
|
|
| LEADER |
00845naa a2200181 i 4500 |
| 001 |
publ12273 |
| 005 |
20200225134439.0 |
| 008 |
171114s2017 hu o 0|| zxx d |
| 020 |
|
|
|a 978-1-938795-29-9
|
| 024 |
7 |
|
|a 3239627
|2 mtmt
|
| 040 |
|
|
|a SZTE Publicatio Repozitórium
|b hun
|
| 041 |
|
|
|a zxx
|
| 100 |
1 |
|
|a Katona Eszter
|
| 245 |
1 |
3 |
|a La exhumación de los clásicos españoles como fuente de modernidad en la dramaturgia lorquiana
|h [elektronikus dokumentum] /
|c Katona Eszter
|
| 260 |
|
|
|a Instituto de Estudios Auriseculares (IDEA); Inspection générale des affaires sociales (IGAS)
|b New York
|c 2017
|
| 300 |
|
|
|a 181-194
|
| 490 |
0 |
|
|a El texto dramático y las artes visuales: el teatro español del siglo de oro y sus herederos en los siglos XX y XXI
|
| 856 |
4 |
0 |
|u http://publicatio.bibl.u-szeged.hu/12273/1/Varsovia_2017_Katona_u.pdf
|z Dokumentum-elérés
|